Uniform Building By-Laws 1980
| Corporate Author: | |
|---|---|
| Format: | Book |
| Published: |
Kuala Lumpur :
The ministry of housing and local government ,
1980
|
| Edition: | June 1980 |
| Subjects: |
MARC
| LEADER | 00000cam a2200000 7i4500 | ||
|---|---|---|---|
| 001 | 0000007719 | ||
| 005 | 20170104.0 | ||
| 040 | |a INS | ||
| 090 | 0 | 0 | |a KPG2590.A312003 |b A4 1980 |
| 110 | 1 | |a Malaysia | |
| 240 | 0 | 0 | |a Street Drain and Building Act 1974 (Act 133) |
| 245 | 1 | 0 | |a Uniform Building By-Laws 1980 |
| 250 | |a June 1980 | ||
| 260 | |a Kuala Lumpur : |b The ministry of housing and local government , |c 1980 | ||
| 300 | |a 118p. : |b 31 cm | ||
| 650 | 0 | 0 | |a Building laws |z Malaysia |
| 999 | |a 0000022492 |b BOOK |c Open Shelf |e Default branch | ||